000 00297nam a2200109 4500
999 _c13627
_d13627
008 190329b ||||| |||| 00| 0 eng d
245 _aDoing business made easy? hopefully.
260 _aPhilippines
_bManila Bulletin
_cc2018
300 _apage B-7.
650 0 _937964
_aBusiness.
942 _2ddc
_cPER